• 首页
  • 本馆介绍
  • 公告通知
  • 最新文献
  • 馆藏检索
  • 电子资源
  • 读者导购
  • 参考咨询
  • 我的图书馆
  • 登录
  • 详细信息显示
  • 放入我的书架
  • 预约/预借图书
  • 作者相关作品
  • 分类相关作品
  • 丛书相关作品
  • 出版社相关作品

书目信息

  • 表格格式
  • 工作单格式
  • 卡片格式
题名:
变形监测
    
 
作者: 李保平 , 潘国兵 主编
分册:  
出版信息: 成都   西南交通大学出版社  2012.08
页数: 267页
开本: 26cm
丛书名:
单 册:
中图分类: P227
科图分类:
主题词: 变形观测--bian xing guan ce--高等学校--教材 , 变形观测--bian xing guan ce
电子资源:
ISBN: 978-7-5643-1905-2
000 00912nam0 2200265 450
001 0106081905
005 20201106082047.0
010    @a978-7-5643-1905-2@dCNY49.00
100    @a20140702e20202012em y0chiy50 ea
101 0  @achi
102    @aCN@b510000
105    @aa z 000yy
106    @ar
200 1  @a变形监测@Abian xing jian ce@f李保平, 潘国兵主编
210    @a成都@c西南交通大学出版社@d2012.08@h2020.02
215    @a267页@c图@d26cm
300    @a普通高等院校测绘课程系列规划教材
330    @a本书介绍了变形监测方法、变形监测方案设计、变形监测资料整理、变形监测网数据处理的方法、变形分析及预报等内容。
606 0  @a变形观测@Abian xing guan ce@x高等学校@j教材
606 0  @a变形观测@Abian xing guan ce
690    @aP227@v5
701  0 @a李保平@Ali bao ping@4主编@c(女,@f1955~)
701  0 @a潘国兵@Apan guo bing@4主编@f(1976~)
801  0 @aCN@bBJSZM@c20201106
905    @b1194036-9@dP227@e339@f4
    
    变形监测/李保平, 潘国兵主编.-成都:西南交通大学出版社,2012.08(2020.02)
    267页:图;26cm
    普通高等院校测绘课程系列规划教材
    
    ISBN 978-7-5643-1905-2:CNY49.00
    本书介绍了变形监测方法、变形监测方案设计、变形监测资料整理、变形监测网数据处理的方法、变形分析及预报等内容。
●
相关链接 在E读中查询图书 在五车中查询图书 在当当中查询图书 在豆瓣中查询图书


正题名:变形监测     索取号:P227/339         预约/预借

序号 登录号 条形码 馆藏地/架位号 状态 备注
1 1194036   211940364   第二样本阅览室/ [索取号:P227/339] 在馆    
2 1194037   211940373   第三借阅区/ [索取号:P227/339] 在馆    
3 1194038   211940382   第三借阅区/ [索取号:P227/339] 在馆    
4 1194039   211940391   第三借阅区/ [索取号:P227/339] 在馆    
唐山师范学院图书馆 欢迎您!
大连网信软件有限公司© 版权所有